Statistics for Countries Hidden in a Letter

Click here to take the quiz!

General Stats

  • This quiz has been taken 131 times
  • The average score is 12 of 13

Answer Stats

HintAnswer% Correct
I arrived in Ontario! Man, its cold here. I've beenOman
97%
a fire after I swam, after I skied, after I ran, after everything.Iran
94%
freezing with my little pal. Automatically, I made himPalau
94%
a big fire. Land is cold, but water is even colder. I neededIreland
93%
taken over by him. He ruined a picnic of steak, Enya blasted on theKenya
93%
Dearest, OniasEstonia
92%
had to go out barefoot. I got my socks on and walked back.Togo
92%
My dog, Eric, had taken my socks and headed outside, so IChad
91%
speaker, and a rug. The smell and noise attracted a cub. A motherCuba
91%
arm. Alison, my neighbour, saved a trip to the vet by patchingMali
91%
While outside, my dog stepped on ice and has pain in hisSpain
90%
his paw. He was fine. The "R" lands(railroad) was immediatelyNetherlands
84%
soon followed it. It was all crazy. I had to pay for the rug and a steak.Uganda
82%

Score Distribution

Percentile by Number Answered

Percent of People with Each Score

Your Score History

You have not taken this quiz